000
00208nam a2200109Ia 4500
100
_a
#N/A
942
_c
BK
654
_a
event handling
245
_a
Javascript Beginning
260
_b
#N/A
546
_a
ENGLISH
999
_c
33831
_d
33831